000 00651nab a2200181 4500
001 244442
003 OSt
005 20260216095210.0
007 tu
008 260216s2020|||||||
040 _aDE-2950
_cDE-2950
245 0 0 _aEisstau in der Nacht lässt Pegel steigen
_bHochwasser. Der Wasserstand der Oder ist am Donnerstag in Frankfurt zeitweise auf mehr als vier Meter gestiegen. Das LfU warnte, die Feuerweht beobachtet die Lage/
_cLisa Larossa, Ulf Grieger
264 _c2025
653 _aFrankfurt (Oder)
653 _aEisstau
773 0 _g37. Jahrgang (2026) Nr. 37 vom 13.02.2026 , S. 15 mit Foto
_tMärkische Oderzeitung
942 _2z
_cA
999 _c374299
_d374299